Countries of Europe in 1097 with a Map - Statistics

General Stats
  • This quiz has been taken 66 times
    43 since last reset
  • The average score is 24 of 34
Answers on the Map
Answers color-coded by a green-red scale on the quiz's map according to % correct below.
 
Answer Stats
Country % Correct
England
97%
England
97%
France
97%
Ireland
97%
Norway
97%
Scotland
97%
Sweden
97%
Wales
97%
Denmark
92%
Holy Roman Empire
89%
Holy Roman Empire
89%
Iceland
86%
Poland
86%
Rus
86%
Hungary
81%
Naples
81%
Sicily
76%
Sicily
76%
Byzantine Empire
73%
Portugal
70%
Serbia
70%
Croatia
68%
Normandy
68%
Aragon
62%
Castile
62%
Leon
57%
Venice
57%
Navarre
54%
Papal States
54%
Barcelona
41%
Burgundy
38%
Almoravids
14%
Apulia and Calabria
11%
Faroer
0%
No matching quizzes found
Score Distribution
Percent of People with Each Score
Percentile by Number Answered
Your Score History
You have not taken this quiz since the last reset